Argentina: de la conquista a la independencia

में बचाया:
ग्रंथसूची विवरण
मुख्य लेखकों: Assadourian, Carlos S (लेखक), Chiaramonte, José Carlos (लेखक), Beato, Guilermo (लेखक)
स्वरूप: पुस्तक
भाषा:स्पेनिश
प्रकाशित: Buenos Aires Paidós 1987
श्रृंखला:Colección Historia Argentina, 2
विषय:
टैग: टैग जोड़ें
कोई टैग नहीं, इस रिकॉर्ड को टैग करने वाले पहले व्यक्ति बनें!

MARC

LEADER 00000nam a2200000 a 4500
001 UCX1547
003 CL-VaPUC
008 900925e19870000AG |||||||||||||||||spa|d
082 0 4 |a 982.02  |b ASS  |2 21 
100 0 |a Assadourian, Carlos S  |e author  |9 317086 
700 0 |a Chiaramonte, José Carlos  |e author  |9 317087 
700 0 |a Beato, Guilermo  |e author  |9 317088 
245 1 0 |a Argentina: de la conquista a la independencia 
300 |a 382 p 
942 |c BK 
945 |d 19900925 00:00:00 
260 |a Buenos Aires  |b Paidós  |c 1987 
650 0 |a Historia  |9 255047 
651 0 |a Argentina  |9 254888 
583 |a last modification  |c 19900925 00:00:00  |k Rodrigo Vera 
490 0 |a Colección Historia Argentina, 2 
999 |c 222751  |d 222749 
952 |0 0  |1 0  |4 0  |6 982_020000000000000_ASS_1987  |7 0  |8 A  |9 217915  |a BIBHIS  |b BIBHIS  |d 2019-11-15  |i 2867796  |o 982.02 ASS 1987  |p 2867796  |r 2025-01-20  |w 2019-11-15  |y BK  |k HIS